000 00563nam a2200205 a 4500
001 23709
003 CO-ViMGA
008 141112s2004 ck r 000 u spa d
020 _a9583007943
040 _aCO-ViMGA
_bspa
_cCO-ViMGA
082 0 4 _aBRUm
100 1 _aBrunet, Marta, 1897 - 1967
_934287
245 1 0 _aEl mundo al reves /
_cMarta Brunet
260 _aColombia :
_bpanAméricana
300 _a32p.
490 _aQue pase el tren
650 1 4 _a2 : COMPRAS - CUENTOS INFANTILES
_934288
650 1 4 _aCUENTOS INFANTILES CHILENOS
_9756
942 _2ddc
_cBK
999 _c31807
_d31807